[Event "Berlin-ch qualification"]
[Site "Berlin-Lichtenrade"]
[Date "2011.05.01"]
[Round "9.13"]
[White "Weiten, Christoph"]
[Black "Wolf, Fritjof"]
[Result "0-1"]
[WhiteElo "1903"]
[BlackElo "1949"]
[PlyCount "39"]
[EventDate "2011.04.23"]
[EventType "swiss"]
[EventRounds "9"]
[EventCountry "GER"]
[SourceTitle "EXT 2022"]
[Source "ChessBase"]
[SourceDate "2021.10.06"]
[SourceVersion "1"]
[SourceVersionDate "2021.10.06"]
[SourceQuality "1"]

1. e4 c6 2. d4 d5 3. e5 Bf5 4. Nf3 e6 5. Be2 c5 6. Be3 cxd4 7. Nxd4 Bg6 8. Bb5+ Nd7 9. c4 a6 10. Bxd7+ Qxd7 11. Nd2 Bb4 12. cxd5 Bxd2+ 13. Qxd2 Qxd5 14. Nf3 Bd3 15. Rc1 Ne7 16. Rc5 Qe4 17. Qc3 Rd8 18. Rg1 0-0 19. Nd2 Qg4 20. h3 0-1

[Event "Berlin-ch qualification"]
[Site "Berlin-Lichtenrade"]
[Date "2011.04.28"]
[Round "6.4"]
[White "Wolf, Fritjof"]
[Black "Major, Vitalij"]
[Result "1-0"]
[WhiteElo "1949"]
[BlackElo "2135"]
[PlyCount "55"]
[EventDate "2011.04.23"]
[EventType "swiss"]
[EventRounds "9"]
[EventCountry "GER"]
[SourceTitle "EXT 2022"]
[Source "ChessBase"]
[SourceDate "2021.10.06"]
[SourceVersion "1"]
[SourceVersionDate "2021.10.06"]
[SourceQuality "1"]

1. d4 Nf6 2. c4 e6 3. Nf3 b6 4. g3 Bb7 5. Bg2 Bb4+ 6. Bd2 Bxd2+ 7. Qxd2 0-0 8. Nc3 d6 9. 0-0 Nbd7 10. Rad1 Qe7 11. Qc2 a6 12. e4 g6 13. e5 Nh5 14. Rfe1 f6 15. exf6 Rxf6 16. Nd5 Bxd5 17. cxd5 Rc8 18. dxe6 Nf8 19. d5 c6 20. dxc6 Nxe6 21. Ng5 Kh8 22. Bd5 Nhg7 23. Nxe6 Nxe6 24. Qb3 Re8 25. Bxe6 Rxe6 26. Qxe6 Qxe6 27. Rxe6 Rxe6 28. c7 1-0

[Event "Niedersachsen-ch open"]
[Site "Verden"]
[Date "2010.01.05"]
[Round "5.35"]
[White "Bach, Jannik"]
[Black "Wolf, Fritjof"]
[Result "0-1"]
[WhiteElo "1673"]
[BlackElo "1909"]
[PlyCount "82"]
[EventDate "2010.01.03"]
[EventType "swiss"]
[EventRounds "7"]
[EventCountry "GER"]
[SourceTitle "EXT 2012"]
[Source "ChessBase"]
[SourceDate "2011.11.24"]
[SourceVersion "1"]
[SourceVersionDate "2011.11.24"]
[SourceQuality "1"]

1. e4 c6 2. d4 d5 3. e5 Bf5 4. Ne2 e6 5. Ng3 Bg6 6. h4 h6 7. h5 Bh7 8. Bd3 Bxd3 9. Qxd3 c5 10. c3 Ne7 11. Be3 cxd4 12. cxd4 Nec6 13. Nc3 a6 14. 0-0 Bb4 15. f4 0-0 16. f5 Nd7 17. Nce2 Rc8 18. Rf2 Ba5 19. Raf1 Nb4 20. Qd1 Nc2 21. Qd3 Nxe3 22. Qxe3 Rc2 23. Qf3 Qg5 24. Qb3 Rc7 25. Qd3 Bb6 26. fxe6 fxe6 27. Rxf8+ Nxf8 28. Qf3 Qe7 29. Qb3 Ba7 30. Qd3 Nd7 31. Qe3 Rc8 32. Nf4 Qg5 33. Re1 Re8 34. Nf1 Nxe5 35. Qg3 Bxd4+ 36. Kh1 Qxg3 37. Nxg3 Bf2 38. Rxe5 Bxg3 39. Rxe6 Rf8 40. Ne2 Rf1+ 41. Ng1 Bf2 0-1

[Event "Niedersachsen-ch op"]
[Site "Verden"]
[Date "2009.01.06"]
[Round "7"]
[White "Wolf, Fritjof"]
[Black "Langenfeld, Stefan"]
[Result "0-1"]
[WhiteElo "1664"]
[BlackElo "1960"]
[PlyCount "72"]
[EventDate "2009.01.03"]
[EventType "swiss"]
[EventRounds "7"]
[EventCountry "GER"]
[SourceTitle "EXT 2012"]
[Source "ChessBase"]
[SourceDate "2011.11.24"]
[SourceVersion "1"]
[SourceVersionDate "2011.11.24"]
[SourceQuality "1"]

1. d4 d5 2. c4 e6 3. Nc3 c6 4. cxd5 exd5 5. Nf3 Nf6 6. Bg5 Nbd7 7. e3 Qa5 8. Bxf6 Nxf6 9. Qc2 Bd6 10. Bd3 0-0 11. 0-0 Re8 12. Rfc1 Bg4 13. Nd2 Qd8 14. Nf1 Qe7 15. Rab1 Bh5 16. Ng3 Bg6 17. Bxg6 hxg6 18. a3 Bxg3 19. hxg3 Ne4 20. Nxe4 Qxe4 21. b4 Qe6 22. b5 cxb5 23. Rxb5 b6 24. Qb3 Rac8 25. Rxc8 Rxc8 26. Rxd5 Rc1+ 27. Kh2 Qf6 28. f4 g5 29. fxg5 Qf1 30. Kh3 Qh1+ 31. Kg4 g6 32. Rd8+ Kg7 33. Qb4 Qd1+ 34. Kf4 Qf1+ 35. Ke5 Qf5+ 36. Kd6 Qe6# 0-1

[Event "Hannover-ch U18"]
[Site "Lehrte"]
[Date "2008.10.12"]
[Round "4"]
[White "Wolf, Fritjof"]
[Black "Kirk, Alexander"]
[Result "1/2-1/2"]
[WhiteElo "1674"]
[BlackElo "1209"]
[PlyCount "84"]
[EventDate "2008.10.11"]
[EventType "swiss"]
[EventRounds "7"]
[EventCountry "GER"]
[SourceTitle "EXT 2021"]
[Source "ChessBase"]
[SourceDate "2020.10.23"]
[SourceVersion "1"]
[SourceVersionDate "2020.10.23"]
[SourceQuality "1"]

1. d4 d5 2. c4 Bf5 3. Nc3 e6 4. Nf3 Nf6 5. cxd5 exd5 6. Bg5 Be7 7. e3 0-0 8. Bd3 Bg6 9. 0-0 Nbd7 10. Bxg6 fxg6 11. Rb1 c6 12. b4 a6 13. a4 b5 14. a5 Bd6 15. Qc2 Qe7 16. Qb3 Qe8 17. Rfc1 Rc8 18. Rc2 Ne4 19. Bh4 Nxc3 20. Rxc3 Qe4 21. Bg3 Bxg3 22. hxg3 Rc7 23. Rbc1 Rfc8 24. Nd2 Qe6 25. e4 Nf6 26. e5 Nd7 27. Ne4 Nb8 28. Nc5 Qg4 29. Qd1 Qxd1+ 30. Rxd1 Rf7 31. Re1 Kf8 32. Re2 Ke7 33. Nb7 Rh8 34. Nd6 Rff8 35. Kh2 h5 36. f4 h4 37. Rf3 hxg3+ 38. Kxg3 Rh1 39. Ree3 Rd1 40. Rd3 Rb1 41. Rb3 Rd1 42. Rfd3 Rf1 1/2-1/2

[Event "Hannover-ch U18"]
[Site "Bueckeburg"]
[Date "2007.11.03"]
[Round "6"]
[White "Olkhovskiy, Vladislav"]
[Black "Wolf, Fritjof"]
[Result "0-1"]
[WhiteElo "1416"]
[BlackElo "1214"]
[PlyCount "54"]
[EventDate "2007.11.01"]
[EventType "swiss"]
[EventRounds "7"]
[EventCountry "GER"]
[SourceTitle "EXT 2021"]
[Source "ChessBase"]
[SourceDate "2020.10.23"]
[SourceVersion "1"]
[SourceVersionDate "2020.10.23"]
[SourceQuality "1"]

1. e4 c5 2. Nf3 Nc6 3. d4 cxd4 4. Nxd4 g6 5. b3 Bg7 6. Bb2 Qb6 7. c3 d6 8. Qd2 Nf6 9. f3 0-0 10. Na3 a6 11. Nc4 Qc7 12. Be2 b5 13. Ne3 Bh6 14. Qd3 Ne5 15. Qd2 d5 16. exd5 Nxd5 17. Ndc2 Nxe3 18. Nxe3 Rd8 19. Qc1 Qb6 20. Kf2 Rd3 21. Bxd3 Nxd3+ 22. Ke2 Nxc1+ 23. Bxc1 Qe6 24. g3 Bb7 25. Rf1 Rd8 26. Kf2 Rd3 27. Re1 Qf6 0-1

[Event "Hannover-ch U18"]
[Site "Bueckeburg"]
[Date "2007.11.02"]
[Round "4"]
[White "Wolf, Fritjof"]
[Black "Kusmierek, Phillip"]
[Result "1-0"]
[WhiteElo "1214"]
[BlackElo "1825"]
[PlyCount "79"]
[EventDate "2007.11.01"]
[EventType "swiss"]
[EventRounds "7"]
[EventCountry "GER"]
[SourceTitle "EXT 2021"]
[Source "ChessBase"]
[SourceDate "2020.10.23"]
[SourceVersion "1"]
[SourceVersionDate "2020.10.23"]
[SourceQuality "1"]

1. d4 Nf6 2. c4 g6 3. g3 Bg7 4. Bg2 0-0 5. Nc3 d6 6. Nf3 Nc6 7. h3 a6 8. 0-0 Rb8 9. a4 Nb4 10. b3 c5 11. e3 Nc6 12. Re1 Bf5 13. g4 Bd7 14. Rb1 Nb4 15. Re2 Qc7 16. e4 cxd4 17. Nxd4 Nc6 18. Nf3 Rfc8 19. Be3 Nb4 20. Nd5 Nbxd5 21. exd5 b5 22. axb5 axb5 23. Rc1 bxc4 24. bxc4 e6 25. dxe6 Bxe6 26. Bf4 Ne8 27. c5 Rb4 28. cxd6 Qd7 29. Rxc8 Qxc8 30. Qd2 Rb2 31. Qd1 Rb4 32. Bg3 Rc4 33. Qd2 Rc1+ 34. Kh2 Rc5 35. Ne1 Qd7 36. Nd3 Rb5 37. Qc2 Bd4 38. Bc6 Bb3 39. Bxd7 Bxc2 40. Rxe8+ 1-0

[Event "Hannover-ch U18"]
[Site "Bueckeburg"]
[Date "2007.11.01"]
[Round "2"]
[White "Wolf, Fritjof"]
[Black "Jagieniak, Justin"]
[Result "1-0"]
[WhiteElo "1214"]
[BlackElo "1557"]
[PlyCount "41"]
[EventDate "2007.11.01"]
[EventType "swiss"]
[EventRounds "7"]
[EventCountry "GER"]
[SourceTitle "EXT 2021"]
[Source "ChessBase"]
[SourceDate "2020.10.23"]
[SourceVersion "1"]
[SourceVersionDate "2020.10.23"]
[SourceQuality "1"]

1. d4 d5 2. c4 c6 3. Nc3 Nf6 4. Nf3 Bf5 5. Bf4 e6 6. cxd5 cxd5 7. Nb5 Qa5+ 8. Nc3 Bb4 9. Rc1 Ne4 10. Qb3 Nd7 11. a3 Bxc3+ 12. bxc3 b6 13. Qb4 Rc8 14. Bd2 Nxd2 15. Kxd2 Qa6 16. e4 Qb7 17. exf5 exf5 18. Bb5 a6 19. Rhe1+ Kd8 20. Qe7+ Kc7 21. Qxd7+ 1-0

[Event "Hannover-ch U18"]
[Site "Bueckeburg"]
[Date "2007.11.01"]
[Round "1"]
[White "Wolf, Fritjof"]
[Black "Kaase, Julian"]
[Result "1-0"]
[WhiteElo "1214"]
[BlackElo "1605"]
[PlyCount "84"]
[EventDate "2007.11.01"]
[EventType "swiss"]
[EventRounds "7"]
[EventCountry "GER"]
[SourceTitle "EXT 2021"]
[Source "ChessBase"]
[SourceDate "2020.10.23"]
[SourceVersion "1"]
[SourceVersionDate "2020.10.23"]
[SourceQuality "1"]

1. d4 d5 2. c4 e6 3. Nc3 Nf6 4. cxd5 exd5 5. Bg5 Nbd7 6. e3 c6 7. Bd3 Be7 8. Qc2 h6 9. Bf4 Nh5 10. Bg3 Bg5 11. Nf3 0-0 12. 0-0 Nxg3 13. hxg3 Re8 14. b4 Nb6 15. b5 Bg4 16. Ne5 Qc8 17. bxc6 bxc6 18. Rfc1 Bh5 19. Na4 Re6 20. Bf5 Bg6 21. Nxg6 fxg6 22. Bxe6+ Qxe6 23. Nxb6 axb6 24. Qxc6 Re8 25. Rab1 Qe4 26. Re1 Re6 27. Qc8+ Kh7 28. Qb8 Qc2 29. Rxb6 Qd2 30. Rxe6 Qxe1+ 31. Kh2 Bf6 32. Qb7 Qe2 33. Qxd5 Bg5 34. f3 Bxe3 35. Qe4 Bg1+ 36. Kxg1 Qxe4 37. Rxe4 Kg8 38. d5 Kf7 39. d6 g5 40. d7 g4 41. d8Q gxf3 42. gxf3 Kg6 1-0